Piłka nożna - dwa kluby - jeden piłkarz - Statystyki

Ogólne statystyki
  • Ten quiz został rozwiązany 479 razy
  • Średni wynik to 6 z 10
Statystyki odpowiedzi
Kluby Zawodnicy % Poprawnych
FC Barcelona i Real Madryt Luis Figo | Samuel Eto'o | Michael Laudrup | Albert Celades | Luis Enrique | Dani Garcia | Gheorghe Hagi | Julen Lopetegui | Luis Milla | Nando | Robert Prosinecki | Alfonso Perez | Ronaldo | Javier Saviola | Miquel Soler
99%
Tottenham i Real Madryt Gareth Bale | Luka Modrić | Emmanuel Adebayor | Sergio Reguilon | Roberto Soldado | Jonathan Woodgate | Rafael van der Vaart
76%
PSG i Bayern Monachium Kingsley Coman | Juan Bernat | Lucas Hernandez | Eric Maxim Choupo-Moting | Tanguy Nianzou | Renato Sanches
69%
Ajax Amsterdam i Inter Mediolan Dennis Bergkamp | Christian Chivu | Edgar Davids | Christian Eriksen | Zlatan Ibrahimović | Wim Jonk | Nwankwo Kanu | Davy Klaassen | Maxwell | Andre Onana | Clarence Seedorf | Wesley Sneijder | Aron Winter | Andy van der Meyde
57%
AS Monaco i Manchester City Emmanuel Adebayor | Ali Benarbia | Ousmane Dabo | Stefan Jovetić | Benjamin Mendy | Bernardo Silva | Maicon Sisenando | Yaya Toure | George Weah
54%
Liverpool i Juventus Federico Chiesa | Nicolas Anelka | Alberto Aquilani | Emre Can | Arthur Melo | Christian Poulsen | Mohamed Sissoko
48%
FC Porto i Liverpool Joao Carlos Teixeira | Aly Cissokho | Luis Diaz | Marko Grujić | Diogo Jota | Raul Meireles
48%
Chelsea i Olympique Marsylia Pierre-Emerick Aubameyang | Cesar Azpilicueta | Michy Batshuayi | Tony Cascarino | Marcel Desailly | Didier Deschamps | Lassana Diarra | Didier Drogba | William Gallas | Frank Leboeuf | Claude Makelele | Loic Remy | George Weah | Boudewijn Zenden
46%
Atletico Madryt i Manchester United Memphis Depay | Radamel Falcao | Diego Forlan | Quinton Fortune | David de Gea | Sergio Reguilon | Ricardo
44%
Borussia Dortmund i AC Milan Christian Pulisic | Kevin-Prince Boateng | Jens Lehmann | Sokratis Papastathopoulos | Marcio Amoroso
38%
Nie znaleziono quizów pasujących do podanych kryteriów
Rozkład punktacji
Procent ludzi z każdym wynikiem
Percentyl według liczby udzielonych odpowiedzi
Twoja historia wyników
Nie rozwiązałeś tego quizu